Cereal Brands by Boxes Sold [Top 10] - Statistics

General Stats
  • This quiz has been taken 25 times
  • The average score is 6 of 10
Answer Stats
Boxes Sold millions Answer % Correct
91.7 Froot Loops
86%
139.1 Cheerios
82%
132.3 Frosted Flakes
82%
129.3 Honey Nut Cheerios
82%
86.4 Lucky Charms
82%
105.2 Cinnamon Toast Crunch
59%
54.1 Fruity Pebbles
36%
71.3 Frosted Mini-Wheats
23%
111.3 Honey Bunches of Oats
23%
58.1 Life
14%
No matching quizzes found
Score Distribution
Percent of People with Each Score
Percentile by Number Answered
Your Score History
You have not taken this quiz